| 000 | 00874nam a22002777a 4500 | ||
|---|---|---|---|
| 001 | 2400 | ||
| 003 | FISKH | ||
| 005 | 20240520162705.0 | ||
| 008 | 231124b cb ||||| |||| 00| 0 eng d | ||
| 010 | _a 2022602042 | ||
| 020 | _a9780812523010 | ||
| 040 |
_aDLC _beng _erda _cDLC |
||
| 050 | _aPR6037.T617 | ||
| 082 | _a823.8 | ||
| 100 | _aStoker, Bram | ||
| 245 | 1 | 0 |
_aDracula / _cBram Stoker |
| 250 | _aFirst Tor Edition: July 1989 | ||
| 260 |
_aNew York : _bTor, _c1988 |
||
| 300 |
_3 _a367 pages : _c18 cm |
||
| 520 | _aHaving deduced the double identity of Count Dracula, a wealthy Transylvanian nobleman, a small group of people vow to rid the world of the evil vampire. | ||
| 521 | 8 |
_a990
_bLexile |
|
| 650 | 0 |
_aVampires _zRomania _zTransylvania |
|
| 650 | 0 |
_aCults _zEngland |
|
| 906 |
_a7 _bcbc _corignew _du _encip _f20 _gy-movingim |
||
| 942 |
_2ddc _cBK _n0 |
||
| 999 |
_c2400 _d2400 |
||